Sex and sensibility : (Record no. 96628)

MARC details
000 -LEADER
fixed length control field 01057nam a22002657a 4500
005 - DATE AND TIME OF LATEST TRANSACTION
control field 20151106161329.0
010 ## - LCCN (DPL NO)
LC control number ENG-113978
020 ## - INTERNATIONAL STANDARD BOOK NUMBER
Terms of availability 695.00
International Standard Book Number 0198075111
020 ## - INTERNATIONAL STANDARD BOOK NUMBER
Terms of availability 695.00
International Standard Book Number 9780198075110
035 ## - SYSTEM CONTROL NUMBER
System control number EN-97510
037 ## - SOURCE OF ACQUISITION
Source of stock number/acquisition DBAD/PUB
Stock number dpl
082 ## - DEWEY DECIMAL CLASSIFICATION NUMBER
Classification number 954.031092
100 ## - MAIN ENTRY--PERSONAL NAME
Personal name Robb, Peter
245 ## - TITLE STATEMENT
Title Sex and sensibility :
Statement of responsibility, etc by Peter Robb
Remainder of title Richard Blechynden's Calcutta diaries,1791-1822 /
260 ## - PUBLICATION, DISTRIBUTION, ETC. (IMPRINT)
Place of publication, distribution, etc New Delhi
Name of publisher, distributor, etc Oxford University Press
Date of publication, distribution, etc 2011
270 ## - ADDRESS
Address YMCA Library Building, 1, Jai Singh Road,
City New Delhi
Postal code 110001
300 ## - PHYSICAL DESCRIPTION
Extent xiv.260p.
Dimensions 22cm(Hb)
500 ## - GENERAL NOTE
General note Includes bibliographical references (pages 253-254) and index.
600 ## - SUBJECT ADDED ENTRY--PERSONAL NAME
Personal name Blechynden, Richard,
Dates associated with a name 1760-1822
General subdivision Diaries.
650 ## - SUBJECT ADDED ENTRY--TOPICAL TERM
Topical term or geographic name as entry element British
Geographic subdivision India
-- Kolkata
General subdivision Diaries.
650 ## - SUBJECT ADDED ENTRY--TOPICAL TERM
Topical term or geographic name as entry element British
General subdivision Family relationships
-- History
Geographic subdivision India
-- Kolkata
Chronological subdivision 18th century.
650 ## - SUBJECT ADDED ENTRY--TOPICAL TERM
Topical term or geographic name as entry element British
General subdivision Family relationships
-- History
Geographic subdivision India
-- Kolkata
Chronological subdivision 19th century.
700 ## - ADDED ENTRY--PERSONAL NAME
Personal name Blechynden, Richard,
Dates associated with a name 1760-1822.
942 ## - ADDED ENTRY ELEMENTS (KOHA)
Source of classification or shelving scheme Dewey Decimal Classification
Item type English Books
Call number suffix ROB
Classification part 954.031092
Holdings
Withdrawn status Lost status Not for loan Collection code Home library Current library Date acquired Source of acquisition Cost, normal purchase price Full call number Barcode Copy number Cost, replacement price Koha item type
    Not For Loan Non-fiction D.B.Act.Division D.B.Act.Division 03/09/2015 DBAD/PUB 695.00 954.031092 ROB EN-97510 1 695.00 English Books

© Delhi Public Library
Hit Counter
free hit counter